000 00748nam a2200217Ii 4500
003 JO-AjNU
008 230605s9999||||xx |||||||||||||| ||und||
017 _a2008/4/1127
020 _a978-9957-491-25-3
040 _aJO-AjNU
_bara
_erda
_cJO-AjNU
041 _aara
050 1 4 _aLB2805.Q6366 2008
100 3 _aالقضاة،محمد علي مؤلف/المومني،خالد سليمان م.مؤلف,
_eauthor
_927161
245 0 0 _aقضايا تربوية معاصرة
264 3 1 _aإربد:مؤسسة حمادة،2008
300 _a232ص
336 _atext
_btxt
_2rdacontent
337 _aunmediated
_bn
_2rdamedia
338 _avolume
_bnc
_2rdacarrier
650 4 _aالإدارة التربوية-التخطيط التربوي
_927162
999 _aA10382
_c13950
_d13950